| 000 | 00721nam a22001937a 4500 | ||
|---|---|---|---|
| 005 | 20180123143634.0 | ||
| 010 | _a1718EN-30 | ||
| 020 |
_a9788121907422 _c525.00 |
||
| 035 | _aB-686298-335 | ||
| 037 |
_bAsian _adpl |
||
| 082 | _a510.79 | ||
| 100 | _aAggarwal, R.S. | ||
| 245 |
_aArithmetic : _cby R.S. Aggarwal _b(subject and objective) for competitive examination / |
||
| 260 |
_aNew Delhi _bS.Chand _c2015 |
||
| 270 |
_a7361, Ram Nagar, _bNew Delhi _e110055 |
||
| 300 | v |
_av,549p. _c23cm(pbk) |
|
| 942 |
_2ddc _cEN _mAGG _h510.79 |
||
| 999 |
_c145507 _d145507 |
||